Đặc điểm tục ngữ Khmer ở Đồng bằng Sông Cửu Long Báo cáo tổng kết đề tài nghiên cứu khoa học cấp trường
Đã lưu trong:
| 主要作者: | |
|---|---|
| Nhiều tác giả của công ty: | , |
| 其他作者: | |
| 語言: | Undetermined |
| 出版: |
Trà Vinh
Trường Đại học Trà Vinh
2014
|
| 主題: | |
| 標簽: |
添加標簽
沒有標簽, 成為第一個標記此記錄!
|
| Thư viện lưu trữ: | Trung tâm Học liệu Trường Đại học Trà Vinh |
|---|
| LEADER | 00839nam a2200265Ia 4500 | ||
|---|---|---|---|
| 001 | TVU_21221 | ||
| 008 | 210423s9999 xx 000 0 und d | ||
| 041 | |a Vie | ||
| 082 | |a 398.9 | ||
| 082 | |b T305 | ||
| 100 | |a Nguyễn, Thị Kiều Tiên | ||
| 245 | 0 | |a Đặc điểm tục ngữ Khmer ở Đồng bằng Sông Cửu Long | |
| 245 | 0 | |b Báo cáo tổng kết đề tài nghiên cứu khoa học cấp trường | |
| 245 | 0 | |c Nguyễn Thị Kiều Tiên | |
| 260 | |a Trà Vinh | ||
| 260 | |b Trường Đại học Trà Vinh | ||
| 260 | |c 2014 | ||
| 300 | |a 140 tr. | ||
| 300 | |b minh họa | ||
| 300 | |c 30 cm | ||
| 650 | |a Tục ngữ Khmer | ||
| 700 | |a Nguyễn Thị Kiều Tiên | ||
| 710 | |a Trường Đại học Trà Vinh | ||
| 710 | |b Hội đồng Khoa học | ||
| 980 | |a Trung tâm Học liệu Trường Đại học Trà Vinh | ||